000
00325nam a22001337a 4500
008
171005b xxu||||| |||| 00| 0 eng d
020
_a
9780534348236
041
_a
eng
080
_2
6TH
_a
519.9
100
_a
48
101
_a
PSI
245
_a
THEORY AND PRACTICE OF COUNSELING AND PSYCHOTHERAPY
_c
COREY,G
942
_2
udc
_c
BK
999
_c
31847
_d
31847